000 00310nam a2200121Ia 4500
008 240624s9999 xx 000 0 und d
041 _aeng
082 _a338.7 PET
100 _aPETERS CRAIG
245 _aBILL GATES SOFTWARE GENIUS OF MICROSOFT
260 _c2003
_aNew Jersey
_bEnslow Publishers
365 _cRS
999 _c15917
_d15917